| 000 | 00644nam a2200205 a 4500 | ||
|---|---|---|---|
| 005 | 20230518063823.0 | ||
| 008 | 011002s1999 r 000 0 eng d | ||
| 035 | _aUPN01000112386 | ||
| 049 | _aCG | ||
| 050 | 4 |
_aLB1051 _bP7.7 |
|
| 245 | 0 | 0 |
_aPsychology in the classroom / _ced. Laura Garza Cavazos. |
| 260 |
_a[Monterrey] : _bUANL, Facultad de Filosofía y Letras, _c1999. |
||
| 300 | _a133 p. | ||
| 440 | 0 | _aAntologías didácticas | |
| 500 | _a"Subject: educational psychologu" | ||
| 650 | 4 |
_aPsicología educativa _95197 |
|
| 650 | 2 |
_aPsicología _xEstudio y enseñanza _912150 |
|
| 700 | 1 |
_aGarza Cavazos, Laura, _eed. |
|
| 905 | _aLibro | ||
| 999 |
_c86294 _d86294 |
||